| 000 -LEADER |
| fixed length control field |
01156nam a22002777a 4500 |
| 008 - FIXED-LENGTH DATA ELEMENTS--GENERAL INFORMATION |
| fixed length control field |
260417b xxu||||| |||| 00| 0 eng d |
| 082 ## - DEWEY DECIMAL CLASSIFICATION NUMBER |
| Classification number |
791.4372 |
| Item number |
Ir71 2002 |
| 245 ## - TITLE STATEMENT |
| Title |
Irreversible / |
| Statement of responsibility, etc |
directed by Gaspar Noé ; written by Gaspar Noé. |
| 260 ## - PUBLICATION, DISTRIBUTION, ETC. (IMPRINT) |
| Place of publication, distribution, etc |
France : |
| Name of publisher, distributor, etc |
Nord-Ouest Productions, |
| Date of publication, distribution, etc |
2002. |
| 300 ## - PHYSICAL DESCRIPTION |
| Extent |
1 video file (97 min.) : |
| Other physical details |
sound, color ; |
| 520 ## - SUMMARY, ETC. |
| Summary, etc |
A psychological crime drama told in reverse chronological order, depicting the events surrounding a violent act in Paris. The film explores themes of revenge, time, and the irreversible consequences of human actions. |
| 521 ## - TARGET AUDIENCE NOTE |
| Target audience note |
For mature audiences only (18+) ; contains strong violence and disturbing content. MTRCB. |
| 546 ## - LANGUAGE NOTE |
| Language note |
In French with English subtitles. |
| 586 ## - AWARDS NOTE |
| Awards note |
Official selection, Cannes Film Festival, 2002. |
| 655 ## - INDEX TERM--GENRE/FORM |
| Genre/form data or focus term |
Psychological Drama. |
| 655 ## - INDEX TERM--GENRE/FORM |
| Genre/form data or focus term |
Tragedy. |
| 655 ## - INDEX TERM--GENRE/FORM |
| Genre/form data or focus term |
Crime. |
| 655 ## - INDEX TERM--GENRE/FORM |
| Genre/form data or focus term |
Drama. |
| 655 ## - INDEX TERM--GENRE/FORM |
| Genre/form data or focus term |
Mystery. |
| 655 ## - INDEX TERM--GENRE/FORM |
| Genre/form data or focus term |
Thriller. |
| 700 ## - ADDED ENTRY--PERSONAL NAME |
| Personal name |
Noé, Gaspar, film director, screenwriter. |
| 700 ## - ADDED ENTRY--PERSONAL NAME |
| Personal name |
Bellucci, Monica, star. |
| 700 ## - ADDED ENTRY--PERSONAL NAME |
| Personal name |
Cassel, Vincent, star. |
| 700 ## - ADDED ENTRY--PERSONAL NAME |
| Personal name |
Dupontel, Albert, star. |
| 942 ## - ADDED ENTRY ELEMENTS (KOHA) |
| Item type |
Audio-Visual Materials |
| Source of classification or shelving scheme |
|